01749nam a22003137a 4500003000400000005001700004008004100021040002200062082001300084100004500097245005600142260003100198300001900229366000800248490001200256505022100268505009700489505029600586505002900882650004600911650005200957650004801009650004701057650004601104942002401150999001501174952012301189952012301312OSt20230628101321.0221006b |||||||| |||| 00| 0 eng d cBiblioteca Lado V a800bQ7e 9842aQuintanilla Armijo, Raúl eeditor aEstrago/bpequeña unidad de agresión cooltural/ aNicaraguac2003bGarabatos c21x22cma100p. espa a1v2003 aLa hostiatSisifo ABSudario Dos Caras Sueño de Maria Elena Diario del beatifico Fray Odleon Ramo Vuelos Bounjour Monsieur Courbet Oscilaciones y artificios Doctor No Nonantzin Uhm Uhm Purisima Corrupcion aLa revista tDe Plastico que si crus diablo ernesto calvo david craven gerardo mosquera aAcoso textualrbestiario nacional el baby shower arte urbano y otros poemas la muerte de charles broson violacion de lucrecia cuando el amor la virgen de acahualinca juanita ahumada mi rosa socialista fotos meditaciones en la cola del super prestige sueños desde atras nuestro  aMinima moraliatLa marca 2Tesauro de Arte & ArquitecturaaARTE9703 2Tesauro de Arte & ArquitecturaaLiteratura9702 2Tesauro de Arte & ArquitecturaaPOESIA9702 2Tesauro de Arte & ArquitecturaaNARRACION  2Tesauro de Arte & ArquitecturaaESPAÑOL 2ddcc1h800iQ7en0 c3798d3798 00102ddc3200340708RevistasaLVbLVd2023-06-07h1i003613l0o800 Q7ep003613r2023-06-07 00:00:00w2023-06-07y1 00102ddc3200340708RevistasaLVbLVd2023-06-07h1i002964l0o800 Q7ep002964r2023-06-28 00:00:00w2023-06-07y1